An introduction to taxonomy of Angiosperms (Record no. 187)
[ view plain ]
| 000 -LEADER | |
|---|---|
| fixed length control field | 00439nam a2200145 4500 |
| 020 ## - INTERNATIONAL STANDARD BOOK NUMBER | |
| ISBN | 9780706907643 |
| 050 ## - CALL NUMBER | |
| Classification number | QK495.A1 |
| 100 ## - AUTHOR | |
| Personal name | Shukla, Priti |
| -- | Misra, Shital P |
| 245 ## - TITLE | |
| Title | An introduction to taxonomy of Angiosperms |
| Statement of responsibility, etc | Priti Shukla; Shital P Misra |
| 260 ## - PUBLICATION INFORMATION | |
| Place of publication | New Delhi : |
| Name of publisher | Vikas Pub. House, |
| Year of publication | 1979. |
| 300 ## - DESCRIPTION | |
| Number of Pages | xv, 546 pages : |
| Other physical details | illustrations ; |
| Dimensions | 25 cm |
| 500 ## - NOTES | |
| General note | Includes indexes. |
| 650 ## - SUBJECTS | |
| Topical Term | Angiosperms |
| 942 ## - ADDED ENTRY ELEMENTS (KOHA) | |
| Koha item type | Books |
| Withdrawn status | Lost status | Home library | Current library | Date acquired | Full call number | Accession Number | Koha item type |
|---|---|---|---|---|---|---|---|
| Methodist University Library Wenchi Faculty | Methodist University Library Wenchi Faculty | 16/10/2017 | QK495.A1 | 28714 | Books | ||
| Methodist University Library Wenchi Faculty | Methodist University Library Wenchi Faculty | 16/10/2017 | QK495.A1 | 28715 | Books |